| 000 | 00502nam a2200181Ia 4500 | ||
|---|---|---|---|
| 003 | OSt | ||
| 005 | 20220201124057.0 | ||
| 008 | 211109s9999||||xx |||||||||||||| ||und|| | ||
| 040 | _csbcl | ||
| 082 |
_a372.677 _bHOR-S |
||
| 100 | _aHorne, Herman Hassel | ||
| 245 | 0 | _aStory Telling Questioning and Studying: Three School Arts | |
| 260 |
_bUn Known _aDelft _c1919 |
||
| 300 | _a326p. | ||
| 630 | _xGeneral Stack | ||
| 650 |
_aELEMENTARY EDUCATION _xEducation _vSocial Science _2Generalia |
||
| 942 | _cBOOK | ||
| 999 |
_c3868 _d3868 |
||